000 00586nam a22002177a 4500
003 UA-OsUOA
001 106674
007 ta
008 20140603b un ||||| |||| 00| 0 ukr d
100 _aТоржевський М.В.
090 _a330(477)
_bТ60
942 _cSA
040 _aUA-OsUOA
_bukr
_cUA-OsUOA
_dUA-OsUOA
245 _aПроблеми безробіття молоді та напрями їх вирішення
300 _aС.87
955 _a0
041 _aukr
080 _a330(477)
773 0 _w106670
650 7 _a330 Економіка взагалі
_2UDC
999 _c392779
_d392779